[Event "Reykjavik Open 2017"]
[Site "Reykjavik ISL"]
[Date "2017.04.27"]
[Round "10.22"]
[White "Liang,Awonder"]
[Black "Abrahamyan,T"]
[Result "0-1"]
[WhiteElo "2483"]
[BlackElo "2364"]

1.d4 Nf6 2.c4 e6 3.Nf3 b6 4.g3 Bb7 5.Bg2 Be7 6.O-O O-O 7.d5 exd5 8.Nh4 Ne4
9.cxd5 Nd6 10.e4 Bxh4 11.gxh4 Qxh4 12.Nc3 Qe7 13.f4 f6 14.Re1 c6 15.e5 fxe5
16.fxe5 Nf5 17.e6 dxe6 18.Rxe6 Qc5+ 19.Kh1 cxd5 20.Bg5 Nc6 21.Nxd5 Ncd4 22.Re5
Kh8 23.Qg4 Rae8 24.Rae1 Rxe5 25.Rxe5 Qc2 26.h3 Qb1+ 27.Kh2 Qxb2 28.Bf4 g5
29.Bxg5 Nf3+ 30.Qxf3 Qxe5+ 31.Bf4 Qg7 32.Qe4 Qg6 33.Be5+ Ng7 34.Qh4 h6 35.Qd4
Rf7 36.Be4 Qe6 37.Nf6 Bxe4 38.Nxe4 Qxa2+ 39.Kg3 Kh7 40.Nd6 Nf5+ {#R} 0-1

[Event "Reykjavik Open 2017"]
[Site "Reykjavik ISL"]
[Date "2017.04.27"]
[Round "10.26"]
[White "Ramirez,Alej"]
[Black "Doknjas,Joshua"]
[Result "1-0"]
[WhiteElo "2555"]
[BlackElo "2123"]

1.Nf3 c5 2.e4 d6 3.Bb5+ Nd7 4.c3 Nf6 5.Qe2 a6 6.Ba4 b5 7.Bc2 g6 8.d4 Bb7 9.e5
dxe5 10.dxe5 Bxf3 11.gxf3 Nd5 12.e6 fxe6 13.Qxe6 N5f6 14.Be3 Qc7 15.a4 Qb7
16.Nd2 Rc8 17.axb5 axb5 18.Ne4 Rc6 19.Ra7 Rxe6 20.Rxb7 Rb6 21.Rxb6 Nxb6
22.Bxc5 Nfd7 23.Bd4 e5 24.Be3 Nc4 25.b4 Be7 26.Ke2 O-O 27.Bb3 Kg7 28.Bxc4 bxc4
29.Ra1 Rd8 30.Ra7 {#r} 1-0

[Event "Reykjavik Open 2017"]
[Site "Reykjavik ISL"]
[Date "2017.04.27"]
[Round "10.27"]
[White "Panchanathan,M"]
[Black "Buchenau,F"]
[Result "1-0"]
[WhiteElo "2494"]
[BlackElo "2275"]

1.Nf3 Nf6 2.c4 e6 3.g3 b6 4.Bg2 Bb7 5.O-O Be7 6.d4 O-O 7.Bf4 d6 8.Nc3 Ne4
9.Rc1 Nd7 10.d5 Nxc3 11.Rxc3 e5 12.Bc1 f5 13.e4 fxe4 14.Nd2 e3 15.Rxe3 Bg5
16.Ree1 Nc5 17.f4 exf4 18.Nf3 Bf6 19.b4 Na6 20.a3 fxg3 21.hxg3 Nb8 22.Ng5 Bxg5
23.Rxf8+ Kxf8 24.Qh5 Bf6 25.Qxh7 Nd7 26.Bh3 Ne5 27.Bh6 Nf3+ 28.Kh1 Nxe1 29.Be6
Ke7 30.Bxg7 Qe8 31.Bh8+ Bg7 32.Qxg7+ Kd8 33.Qg5+ Qe7 34.Qg8+ Qe8 35.Bf6# 1-0

[Event "Reykjavik Open 2017"]
[Site "Reykjavik ISL"]
[Date "2017.04.27"]
[Round "10.28"]
[White "Maisuradze,N"]
[Black "Kjartansson,G"]
[Result "0-1"]
[WhiteElo "2273"]
[BlackElo "2468"]

1.d4 Nf6 2.c4 e6 3.Nf3 b6 4.g3 Bb7 5.Bg2 Bb4+ 6.Bd2 c5 7.Bxb4 cxb4 8.O-O O-O
9.Nbd2 d6 10.a3 bxa3 11.Rxa3 a5 12.Qb1 Na6 13.e4 e5 14.Ne1 Qc7 15.f4 exd4
16.Nef3 d3 17.e5 dxe5 18.Nxe5 Bxg2 19.Kxg2 Nb4 20.Nxd3 Rad8 21.Rf2 Ng4 22.Re2
Qc6+ 23.Kg1 Rfe8 24.Qf1 Nxd3 25.Rxd3 Qc5+ 26.Kg2 Rxe2+ 27.Qxe2 Rxd3 28.Qxd3
Qf2+ 29.Kh3 h5 30.Kh4 Qxh2+ 31.Kg5 Nf2 32.Qe3 Qh3 33.Qf3 Qd7 34.Nb3 f6+ 35.Kg6
Qf7+ 36.Kf5 g6# 0-1

[Event "Reykjavik Open 2017"]
[Site "Reykjavik ISL"]
[Date "2017.04.27"]
[Round "10.35"]
[White "Thorhallsson,G"]
[Black "Kniest,O"]
[Result "0-1"]
[WhiteElo "2070"]
[BlackElo "2301"]

1.e4 e6 2.d4 d5 3.Nd2 Nf6 4.e5 Nfd7 5.Bd3 c5 6.c3 Nc6 7.Ne2 cxd4 8.cxd4 f6
9.exf6 Nxf6 10.O-O Bd6 11.Nf3 Qc7 12.Ng3 O-O 13.Bd2 Bd7 14.Bc3 Rae8 15.Re1 Re7
16.Ne5 Be8 17.Rc1 Nd7 18.Qg4 Ndxe5 19.dxe5 Bc5 20.Re2 Qb6 21.Rcc2 Kh8 22.b4
Nxb4 23.Rb2 Nxd3 24.Rxb6 Nxf2 25.Rxf2 Bxf2+ 26.Kh1 Bxb6 27.Qb4 Ref7 28.h3 Bc6
29.Ne2 Be3 30.Bd4 Bxd4 31.Nxd4 Re8 {#R} 0-1

[Event "Reykjavik Open 2017"]
[Site "Reykjavik ISL"]
[Date "2017.04.27"]
[Round "10.37"]
[White "Haessel,D"]
[Black "Le Goff,D"]
[Result "0-1"]
[WhiteElo "2095"]
[BlackElo "2278"]

1.d4 Nf6 2.c4 g6 3.Nc3 Bg7 4.e4 d6 5.h3 Na6 6.Nf3 O-O 7.Bg5 Qe8 8.Be2 e5 9.d5
Nc5 10.Nd2 a5 11.Qc2 c6 12.g4 Bd7 13.Be3 cxd5 14.exd5 Qe7 15.O-O-O Rfc8 16.g5
Ne8 17.Bg4 f5 18.gxf6 Nxf6 19.Bxd7 Qxd7 20.Bxc5 Rxc5 21.Na4 Rac8 22.Nxc5 Rxc5
23.Nb3 Rc8 24.Nxa5 Ra8 25.b4 Nh5 26.Kb1 Nf4 27.f3 b6 28.Nc6 Ra3 29.Qe4 Nxh3
30.Kb2 Nf2 31.Qh4 Rxf3 32.Qxh7+ Kf7 33.Rdg1 Nd3+ 34.Kb1 Nf4 35.Qh2 Qf5+ 36.Qc2
Nd3 37.Nd8+ Kg8 38.Rh2 Rf1+ {#R} 0-1

[Event "Reykjavik Open 2017"]
[Site "Reykjavik ISL"]
[Date "2017.04.27"]
[Round "10.39"]
[White "Thorgeirsson,Jon Kristinn"]
[Black "Karavade,E"]
[Result "0-1"]
[WhiteElo "2189"]
[BlackElo "2405"]

1.e4 c5 2.Nf3 d6 3.d4 cxd4 4.Nxd4 Nf6 5.Nc3 a6 6.Be2 e5 7.Nb3 Be7 8.O-O O-O
9.f4 b5 10.Bf3 Bb7 11.Qe1 Nbd7 12.a4 b4 13.Nd5 Nxd5 14.exd5 a5 15.Be3 Bf6
16.fxe5 Nxe5 17.Be4 Re8 18.Rxf6 Qxf6 19.Qg3 Ng6 20.Rf1 Qe5 21.Qf2 f5 22.Bxf5
Qxe3 23.Be6+ Rxe6 24.dxe6 Qxf2+ 25.Rxf2 Bd5 26.Rd2 Bxe6 27.Nd4 Bd7 {#R} 0-1

[Event "Reykjavik Open 2017"]
[Site "Reykjavik ISL"]
[Date "2017.04.27"]
[Round "10.40"]
[White "Laustsen,L"]
[Black "Stefansson,Vignir Vatnar"]
[Result "1-0"]
[WhiteElo "2169"]
[BlackElo "2341"]

1.d4 e6 2.c4 f5 3.g3 Nf6 4.Bg2 Be7 5.Nf3 O-O 6.O-O d6 7.Nc3 Nc6 8.d5 Ne5 9.Nd4
Nxc4 10.Nxe6 Bxe6 11.dxe6 c6 12.Qd3 d5 13.Qxf5 Ne4 14.Qg4 Nxc3 15.bxc3 Bf6
16.Rb1 b5 17.e4 d4 18.cxd4 Bxd4 19.Bg5 Bf6 20.Rbd1 Qe8 21.Bxf6 Rxf6 22.Bh3 Ne5
23.Qe2 Nf3+ 24.Kg2 Qh5 25.Qd3 g5 26.Bf5 g4 27.h4 gxh3+ 28.Kh1 Ne5 29.g4 Nxd3
30.gxh5 Nf4 31.Rg1+ Kf8 32.e7+ Kxe7 33.Rg7+ Kf8 34.Rxh7 Kg8 35.Rdd7 Ne6 36.h6
{#r} 1-0

[Event "Reykjavik Open 2017"]
[Site "Reykjavik ISL"]
[Date "2017.04.27"]
[Round "10.44"]
[White "Nebolsina,V"]
[Black "Maroroa,S"]
[Result "0-1"]
[WhiteElo "2285"]
[BlackElo "2148"]

1.e4 e5 2.Nf3 Nc6 3.Bb5 a6 4.Bxc6 dxc6 5.O-O Bg4 6.h3 Bh5 7.d3 f6 8.Nbd2 Qd7
9.Qe1 g5 10.Nh2 O-O-O 11.Nc4 Bf7 12.Be3 h5 13.f3 Ne7 14.h4 gxh4 15.Qxh4 Bg7
16.Na5 Rdg8 17.Qe1 b6 18.Nb3 Ng6 19.Kf2 f5 20.Ke2 Nf4+ 21.Bxf4 exf4 22.Kd1
Bxb2 23.Rb1 Bd4 24.Qe2 Bxb3 25.Rxb3 Qg7 26.c3 Be3 27.d4 Qxg2 {#R} 0-1

[Event "Reykjavik Open 2017"]
[Site "Reykjavik ISL"]
[Date "2017.04.27"]
[Round "10.45"]
[White "Bjornsson,Si"]
[Black "Plotkin,Mark"]
[Result "0-1"]
[WhiteElo "2279"]
[BlackElo "2147"]

1.e4 e5 2.Nf3 d6 3.d4 Nd7 4.Nc3 Ngf6 5.Bc4 Be7 6.O-O O-O 7.Re1 c6 8.a4 a5 9.b3
Qc7 10.Bb2 Nh5 11.Nxe5 dxe5 12.Qxh5 exd4 13.Ne2 c5 14.f4 Nf6 15.Qf3 Bg4 16.Qd3
Bxe2 17.Rxe2 Qxf4 18.Rf1 Qh4 19.h3 Nh5 20.Ref2 Bf6 21.Rf5 Rae8 22.Qf3 Ng3
23.Rf4 Nxf1 24.Rxh4 Nd2 25.Qh5 Bxh4 26.Qxh4 Rxe4 27.Qh5 Nxc4 28.bxc4 b6 29.Kf2
Rfe8 30.Bc1 R8e5 31.Qf3 g6 32.Bf4 Rxf4 33.Qxf4 Rf5 {#R} 0-1

[Event "Reykjavik Open 2017"]
[Site "Reykjavik ISL"]
[Date "2017.04.27"]
[Round "10.54"]
[White "Haraldsson,Haraldur"]
[Black "Walton,A"]
[Result "0-1"]
[WhiteElo "1941"]
[BlackElo "2199"]

1.e4 e6 2.d4 d5 3.Nc3 Nf6 4.Bg5 Be7 5.Bxf6 Bxf6 6.e5 Be7 7.Qg4 g6 8.O-O-O c5
9.dxc5 Qc7 10.f4 Qxc5 11.Kb1 Bd7 12.Bd3 Nc6 13.h4 O-O-O 14.h5 Qb6 15.Ka1 a6
16.Nf3 Qb4 17.Qg3 gxh5 18.Rxh5 h6 19.Qh2 Bf8 20.Ne2 Qa4 21.Rd2 Nb4 22.Nc3 Qa5
23.g4 Rg8 24.Rg2 Bc6 25.Nd4 Qb6 26.Nxc6 Qxc6 27.Rh3 d4 28.Nb1 Qd5 29.b3 Qa5
30.a3 Nd5 31.Kb2 Ne3 32.Rg1 Rxg4 33.Rxg4 Nxg4 34.Qe2 Ne3 35.a4 Kb8 36.Nd2 Qc3+
37.Ka2 Nxc2 {#R} 0-1

[Event "Reykjavik Open 2017"]
[Site "Reykjavik ISL"]
[Date "2017.04.27"]
[Round "10.58"]
[White "Della Pietra,A"]
[Black "Thorsteinsdottir,G"]
[Result "1-0"]
[WhiteElo "2228"]
[BlackElo "2013"]

1.d4 d5 2.c4 e6 3.Nc3 Nf6 4.cxd5 exd5 5.Bg5 Be7 6.Qc2 O-O 7.e3 c6 8.Bd3 Nbd7
9.Nge2 Re8 10.f3 Nf8 11.O-O Nh5 12.Bxe7 Qxe7 13.e4 dxe4 14.fxe4 Bg4 15.Rf2
Rad8 16.Raf1 Be6 17.e5 Qh4 18.Ne4 Re7 19.g3 Qg4 20.h3 Qxh3 21.Rh2 Qxh2+
22.Kxh2 Bg4 23.Ng5 h6 24.Bh7+ Kh8 25.Rxf7 hxg5 26.Rxe7 Nxh7 27.Qg6 Nf8 28.Qxg5
Bxe2 29.g4 {#r} 1-0

[Event "Reykjavik Open 2017"]
[Site "Reykjavik ISL"]
[Date "2017.04.27"]
[Round "10.60"]
[White "Birkisson,Bjorn Holm"]
[Black "Louis,T"]
[Result "0-1"]
[WhiteElo "2057"]
[BlackElo "2202"]

1.g3 d5 2.Bg2 e5 3.d3 Nc6 4.a3 h5 5.h4 Nh6 6.b4 a5 7.b5 Ne7 8.Nd2 Ng4 9.Bb2
Nf5 10.e4 Nxf2 11.Qf3 dxe4 12.dxe4 Nd4 13.Bxd4 Qxd4 14.Nb3 Qb2 15.Qxf2 a4
16.Ne2 axb3 17.O-O Be6 18.cxb3 Qxb3 19.Kh2 Qxb5 20.Nc3 Qc5 21.Qb2 Bd6 22.Nb5
O-O 23.Rfc1 Qb6 24.Qe2 Bg4 25.Qc4 Be6 26.Qe2 Bc5 27.Rab1 Bg4 28.Qc4 Bf2 29.Rc3
c6 30.a4 cxb5 31.Rxb5 Qd4 {#R} 0-1

[Event "Reykjavik Open 2017"]
[Site "Reykjavik ISL"]
[Date "2017.04.27"]
[Round "10.64"]
[White "Viglundsson,B"]
[Black "Valtysson,T"]
[Result "1-0"]
[WhiteElo "2143"]
[BlackElo "1955"]

1.d4 d5 2.c4 c6 3.Nf3 Nf6 4.Qb3 dxc4 5.Qxc4 Bf5 6.g3 e6 7.Nc3 h6 8.Bg2 Nbd7
9.O-O Nb6 10.Qb3 Ne4 11.Rd1 Nxc3 12.bxc3 Be4 13.c4 Qc8 14.Bb2 Be7 15.Rac1 O-O
16.Qe3 Bxf3 17.Qxf3 Bf6 18.Qb3 Qd7 19.e4 Rfd8 20.e5 Be7 21.a4 Qe8 22.a5 Nd7
23.a6 bxa6 24.Bxc6 Nc5 25.Qf3 {#r} 1-0

[Event "Reykjavik Open 2017"]
[Site "Reykjavik ISL"]
[Date "2017.04.27"]
[Round "10.69"]
[White "Halldorsson,Br"]
[Black "Zybura,Andre"]
[Result "1-0"]
[WhiteElo "2110"]
[BlackElo "1894"]

1.d4 Nf6 2.c4 c5 3.d5 b5 4.cxb5 a6 5.bxa6 g6 6.Nc3 Bg7 7.Nf3 O-O 8.e4 d6 9.h3
Qb6 10.Bd3 Bxa6 11.O-O Bxd3 12.Qxd3 Na6 13.a3 Nd7 14.Rb1 Ne5 15.Nxe5 Bxe5
16.Be3 Qb3 17.f4 Bg7 18.Rf2 Rfb8 19.Rbf1 c4 20.Qd2 Bxc3 21.bxc3 Nc5 22.Bxc5
dxc5 23.f5 f6 24.fxg6 Rxa3 25.Qh6 hxg6 26.Qxg6+ Kh8 {#r} 1-0

[Event "Reykjavik Open 2017"]
[Site "Reykjavik ISL"]
[Date "2017.04.27"]
[Round "10.70"]
[White "Dietzsch,H"]
[Black "Siddharth,Gopakumar"]
[Result "1-0"]
[WhiteElo "2106"]
[BlackElo "1826"]

1.e4 c5 2.c3 d5 3.exd5 Qxd5 4.d4 Nc6 5.Nf3 Bg4 6.Be2 cxd4 7.cxd4 e6 8.O-O Bb4
9.a3 Ba5 10.Nc3 Bxc3 11.bxc3 Nf6 12.h3 Bh5 13.Rb1 O-O 14.Be3 a6 15.c4 Qd7
16.Rb6 Qc7 17.Qb3 Na5 18.Qb4 Nd7 19.c5 e5 20.g4 exd4 21.Bxd4 Bxg4 22.hxg4 Nxb6
23.cxb6 Qf4 24.Qxa5 Qxg4+ 25.Kh1 Qh3+ 26.Nh2 Rfe8 27.Qg5 {#r} 1-0

[Event "Reykjavik Open 2017"]
[Site "Reykjavik ISL"]
[Date "2017.04.27"]
[Round "10.71"]
[White "Leosson,Atli Johann"]
[Black "Vistisen,L"]
[Result "1-0"]
[WhiteElo "1773"]
[BlackElo "2097"]

1.e4 e5 2.Nf3 Nc6 3.Bc4 Nf6 4.d3 Be7 5.a4 d6 6.c3 O-O 7.O-O Be6 8.Nbd2 Qd7
9.b4 Bg4 10.h3 Bh5 11.Re1 Kh8 12.Nf1 Ng8 13.Ng3 Bg6 14.d4 exd4 15.Nxd4 Ne5
16.Bb3 c5 17.Ndf5 c4 18.Bc2 Rad8 19.Nxe7 Qxe7 20.f4 Nc6 21.f5 Qe5 22.Qf3 Qe7
23.fxg6 fxg6 24.Qe3 a6 25.Bd2 Ne5 26.Rf1 Nf6 27.Ne2 Rfe8 28.Nf4 Nf7 29.Rae1
Qd7 30.Qg3 Ne5 31.Nd5 Nh5 32.Qe3 h6 33.a5 g5 34.Bd1 Nf4 35.Nxf4 gxf4 36.Qd4 g5
37.Bh5 Rf8 38.Bg4 Qg7 39.Rd1 Rf6 40.Be1 Qf7 41.Qxe5 {#r} 1-0

[Event "Reykjavik Open 2017"]
[Site "Reykjavik ISL"]
[Date "2017.04.27"]
[Round "10.72"]
[White "Le Creurer,Kilian"]
[Black "Jonsson,Gauti Pall"]
[Result "0-1"]
[WhiteElo "1942"]
[BlackElo "2087"]

1.e4 e6 2.Nf3 d5 3.Nc3 Nf6 4.e5 Nfd7 5.d4 c5 6.dxc5 Nc6 7.Bf4 Bxc5 8.Bd3 f6
9.exf6 Nxf6 10.Qe2 O-O 11.O-O-O a6 12.Kb1 b5 13.g4 Qa5 14.Rdg1 b4 15.Nd1 Bd7
16.Ne5 Nd4 17.Qd2 Bb5 18.h4 Bxd3 19.Qxd3 Rac8 20.Bc1 Ne4 21.f3 Nc3+ 22.bxc3
bxc3 23.Qxc3 Rb8+ 24.Bb2 Qxc3 25.Nxc3 Nxf3 26.Nxf3 Rxf3 27.Kc1 Be3+ 28.Kd1
Bxg1 29.Rxg1 Rxb2 30.Na4 Rb1+ 31.Ke2 Rxg1 32.Kxf3 Rc1 33.Nc5 Rxc2 34.Nxa6 Rxa2
35.Nc7 Kf7 {#R} 0-1

[Event "Reykjavik Open 2017"]
[Site "Reykjavik ISL"]
[Date "2017.04.27"]
[Round "10.74"]
[White "Larson,G"]
[Black "Halldorsson,Hj"]
[Result "0-1"]
[WhiteElo "2104"]
[BlackElo "1776"]

1.e4 e5 2.Nf3 Nc6 3.Bb5 a6 4.Bxc6 dxc6 5.O-O f6 6.d4 Bd6 7.Be3 Bg4 8.Nbd2 exd4
9.Bxd4 c5 10.Be3 Ne7 11.c3 Ng6 12.Qc2 Qe7 13.Rfe1 Qf7 14.e5 fxe5 15.Ng5 Qd7
16.Nge4 O-O-O 17.Nc4 Kb8 18.Bxc5 Bxc5 19.Nxc5 Qd5 20.Qe4 Qxc5 21.Qxg4 Rhf8
22.Ne3 Rd2 23.Re2 h5 24.Qxg6 Rxe2 25.Rf1 Rxe3 {#R} 0-1

[Event "Reykjavik Open 2017"]
[Site "Reykjavik ISL"]
[Date "2017.04.27"]
[Round "10.75"]
[White "Baliuniene,Margarita"]
[Black "Spence,D"]
[Result "0-1"]
[WhiteElo "1897"]
[BlackElo "2168"]

1.d4 e6 2.Nf3 Nf6 3.c4 b6 4.e3 Bb7 5.Bd3 Ne4 6.O-O f5 7.Nbd2 Bb4 8.Qc2 Bxd2
9.Nxd2 Qh4 10.f3 Ng5 11.e4 Nc6 12.Qc3 O-O 13.d5 Ne7 14.b3 Rf6 15.Bb2 Raf8
16.Rae1 f4 17.Rf2 R8f7 18.dxe6 Rxe6 19.c5 Rh6 20.Nf1 Rg6 21.g3 Nh3+ 22.Kg2
fxg3 23.hxg3 Nf4+ 24.Kg1 Rxg3+ 25.Nxg3 Qxg3+ 26.Kf1 Nh3 27.Qd4 bxc5 28.Qe3
Nxf2 29.Bc4 d5 30.exd5 Ng4 31.Qxc5 Qxf3+ {#R} 0-1

[Event "Reykjavik Open 2017"]
[Site "Reykjavik ISL"]
[Date "2017.04.27"]
[Round "10.78"]
[White "Arnarsson,H"]
[Black "Davidsdottir,Nansy"]
[Result "0-1"]
[WhiteElo "2046"]
[BlackElo "1864"]

1.e4 c5 2.Nf3 e6 3.d4 cxd4 4.Nxd4 a6 5.g3 Qc7 6.Nc3 Nc6 7.Bg2 Nf6 8.O-O Be7
9.Re1 Nxd4 10.Qxd4 Bc5 11.Bf4 d6 12.Qd2 Ng4 13.Nd1 e5 14.Be3 Nxe3 15.Nxe3 Be6
16.c3 Rc8 17.Nd5 Bxd5 18.Qxd5 Qc6 19.Qd3 O-O 20.Rad1 Rfd8 21.Re2 a5 22.a3 Qa4
23.Red2 b5 24.Qd5 b4 25.cxb4 axb4 26.Bh3 Rc7 27.Rc1 Bxf2+ 28.Rxf2 Rxc1+ 29.Kg2
Rc2 30.Qxf7+ Kh8 31.axb4 Rxf2+ 32.Qxf2 Qxb4 33.Bg4 Rb8 34.Qf3 Qxb2+ 35.Kh3 Qd2
36.Qa3 Rf8 37.Be6 Qh6+ {#R} 0-1

[Event "Reykjavik Open 2017"]
[Site "Reykjavik ISL"]
[Date "2017.04.27"]
[Round "10.79"]
[White "Briem,Stephan"]
[Black "Arnalds,S"]
[Result "0-1"]
[WhiteElo "1865"]
[BlackElo "2035"]

1.d4 Nf6 2.c4 g6 3.Nc3 d5 4.Nf3 Bg7 5.Qb3 dxc4 6.Qxc4 O-O 7.e4 c6 8.h3 b5
9.Qb3 a6 10.Be3 Bb7 11.Be2 c5 12.d5 Qc7 13.Rd1 Nbd7 14.O-O Rac8 15.Nd2 c4
16.Qb4 Rb8 17.a4 a5 18.Nxb5 axb4 19.Nxc7 c3 20.bxc3 bxc3 21.Nc4 Nxe4 22.Bd4 c2
23.Rd3 Rfc8 24.Bxg7 Kxg7 25.Rd4 Rxc7 26.Rxe4 Bxd5 27.Rd4 Bxc4 28.Bxc4 Rb1
29.Bd3 Rxf1+ {#R} 0-1

[Event "Reykjavik Open 2017"]
[Site "Reykjavik ISL"]
[Date "2017.04.27"]
[Round "10.80"]
[White "Scheele,Marcus"]
[Black "Acevedo Mendez,Lisseth"]
[Result "0-1"]
[WhiteElo "2030"]
[BlackElo "1845"]

1.e4 c5 2.Nc3 e6 3.f4 Nc6 4.Nf3 a6 5.a4 d5 6.d3 d4 7.Nb1 Nf6 8.Be2 Be7 9.O-O
O-O 10.Nbd2 Rb8 11.Nc4 b5 12.axb5 axb5 13.Nce5 Qc7 14.Qe1 Nd7 15.Nxc6 Qxc6
16.Ne5 Qc7 17.Bg4 Rb6 18.Bd2 b4 19.Bh3 Nxe5 20.fxe5 Qxe5 21.Qe2 Bg5 22.Be1 Bf4
23.Qf3 Be3+ 24.Kh1 g6 25.Bh4 Bg5 26.Bg3 Qg7 27.Ra7 Rb7 28.Rxb7 Bxb7 29.Bd6 Rc8
30.Be5 Qf8 31.Qg3 Qh6 32.Qf3 f5 33.Qd1 Be7 34.c3 g5 35.Bxf5 exf5 36.Qb3+ c4
37.dxc4 Qe6 38.cxd4 Bxe4 39.Qh3 Rxc4 40.Qb3 Qc6 {#R} 0-1

[Event "Reykjavik Open 2017"]
[Site "Reykjavik ISL"]
[Date "2017.04.27"]
[Round "10.82"]
[White "Steincamp,Isaac K"]
[Black "Mai,Alexander Oliver"]
[Result "1-0"]
[WhiteElo "2009"]
[BlackElo "1813"]

1.e4 c5 2.Nf3 d6 3.c3 Nf6 4.Be2 g6 5.O-O Bg7 6.Re1 O-O 7.Bf1 Nc6 8.Na3 e5 9.d3
h6 10.h3 d5 11.Qc2 d4 12.Nc4 Re8 13.a4 b6 14.Bd2 Ba6 15.cxd4 Nxd4 16.Nxd4 cxd4
17.b4 Bxc4 18.Qxc4 Rc8 19.Qb3 Qd6 20.Rec1 Qe6 21.Qxe6 fxe6 22.Be2 g5 23.Bd1
Kf8 24.Bb3 Ke7 25.Bc4 Nd7 26.Ba6 Rxc1+ 27.Rxc1 Kd6 28.Bb5 Rd8 29.Rc6+ Ke7
30.Rc7 a6 31.Bxa6 Kd6 32.Rc1 Nb8 33.Bb5 Bf8 34.a5 bxa5 35.bxa5 Nd7 36.Bb4+
{#r} 1-0

[Event "Reykjavik Open 2017"]
[Site "Reykjavik ISL"]
[Date "2017.04.27"]
[Round "10.83"]
[White "Ulfsson,Olafur Evert"]
[Black "Magnusson,M"]
[Result "0-1"]
[WhiteElo "1802"]
[BlackElo "1978"]

1.e4 e5 2.Nf3 Nc6 3.Bc4 Nf6 4.d3 Bc5 5.O-O d6 6.h3 h6 7.Be3 g5 8.Nh2 Rg8 9.c3
g4 10.h4 g3 11.Nf3 gxf2+ 12.Bxf2 Bxf2+ 13.Rxf2 Ng4 14.Re2 Qf6 15.Qc1 Qg7
16.Na3 Ne7 17.h5 Nf6 18.Nb5 Kd8 19.d4 Bg4 20.Qe3 a6 21.dxe5 axb5 22.exf6 Qxf6
23.Bb3 Bxf3 24.Rf2 Rxg2+ 25.Rxg2 Bxg2 26.Kxg2 Kd7 27.Qh3+ Kc6 28.Rf1 Rg8+
29.Kh1 Qe5 30.Qf3 Rg3 31.Bd5+ Kb6 32.Qf2+ c5 33.Qh2 Nxd5 34.Rf3 {#R} 0-1

[Event "Reykjavik Open 2017"]
[Site "Reykjavik ISL"]
[Date "2017.04.27"]
[Round "10.87"]
[White "Meyer,Juergen"]
[Black "Lemery,Jon Thor"]
[Result "0-1"]
[WhiteElo "1944"]
[BlackElo "1708"]

1.e4 e5 2.Nc3 Nc6 3.g3 d6 4.Bg2 Nf6 5.h3 g6 6.Nge2 Bg7 7.O-O O-O 8.f4 Re8 9.d3
exf4 10.Bxf4 Be6 11.g4 Nd7 12.Qd2 Nd4 13.Bg5 Nxe2+ 14.Nxe2 Qc8 15.c3 Ne5
16.Nd4 c5 17.Nxe6 Qxe6 18.b3 Nc6 19.Rae1 Qe5 20.Rc1 a5 21.Qf2 Qxg5 {#R} 0-1

[Event "Reykjavik Open 2017"]
[Site "Reykjavik ISL"]
[Date "2017.04.27"]
[Round "10.94"]
[White "Opasiak,D"]
[Black "Gudmarsson,Olafur"]
[Result "0-1"]
[WhiteElo "1885"]
[BlackElo "1721"]

1.e4 e6 2.d4 c5 3.d5 exd5 4.exd5 d6 5.Nc3 a6 6.a4 Be7 7.Nf3 Bg4 8.Be2 Bf6
9.O-O Ne7 10.Ne4 Ng6 11.h3 Bxf3 12.Bxf3 O-O 13.Re1 Be5 14.Bg5 f6 15.Be3 Nd7
16.Qd2 Nb6 17.Qd3 Bxb2 18.Rab1 Nxa4 19.Qb3 b5 20.Nxc5 Nxc5 21.Bxc5 Be5 22.Be3
Qc7 23.Qd3 Rfc8 24.Be4 Nf8 25.Bf5 Re8 26.Qe2 g6 27.Bd3 Bc3 28.Red1 f5 29.Qf3
Nd7 30.Qg3 Rf8 31.Bh6 Rf7 32.Bd2 Ne5 33.Bxc3 Qxc3 34.Rb3 Qc5 35.Rbb1 f4 36.Qg5
Nxd3 37.Rxd3 Qxc2 38.Rbd1 b4 39.h4 Re8 40.R3d2 Qc5 {#R} 0-1

[Event "Reykjavik Open 2017"]
[Site "Reykjavik ISL"]
[Date "2017.04.27"]
[Round "10.102"]
[White "Johannsson,Birkir Isak"]
[Black "Kristinsson,Magnus"]
[Result "1-0"]
[WhiteElo "1567"]
[BlackElo "1783"]

1.d4 Nf6 2.c4 g6 3.Nc3 d5 4.Nf3 Bg7 5.Qb3 dxc4 6.Qxc4 O-O 7.e4 c6 8.Be2 Nfd7
9.Qb3 c5 10.d5 Ne5 11.Nxe5 Bxe5 12.O-O e6 13.Be3 b6 14.Rad1 exd5 15.exd5 Nd7
16.Rfe1 Qh4 17.g3 Qh3 18.Bf1 Qh5 19.Ne4 f5 20.Be2 Qh3 21.Ng5 Qh6 22.d6+ {#r}
1-0

[Event "Reykjavik Open 2017"]
[Site "Reykjavik ISL"]
[Date "2017.04.27"]
[Round "10.105"]
[White "Berg,Margar M."]
[Black "Hrafnsson,Hreinn"]
[Result "0-1"]
[WhiteElo "1813"]
[BlackElo "1621"]

1.d4 Nf6 2.Bg5 d5 3.Bxf6 exf6 4.e3 c6 5.Nf3 Bg4 6.Be2 Nd7 7.O-O Bd6 8.Nbd2 f5
9.c4 dxc4 10.Nxc4 Nf6 11.h3 Bxf3 12.Bxf3 O-O 13.Qc2 g6 14.h4 Re8 15.g3 Ne4
16.Kg2 h5 17.Rad1 Rc8 18.Qb3 Re7 19.d5 c5 20.Bxe4 fxe4 21.f3 b6 22.fxe4 Rxe4
23.Rf3 f5 24.Rdf1 Qe7 25.a4 Qc7 26.Ra1 Rg4 27.Nxd6 Qxd6 28.a5 Rb4 29.Qa2 Qe5
30.Rb1 c4 31.axb6 axb6 32.Qa3 Rb3 33.Qa6 Rc7 34.Rd1 Rxb2+ 35.Kh3 Qe4 {#R} 0-1

[Event "Reykjavik Open 2017"]
[Site "Reykjavik ISL"]
[Date "2017.04.27"]
[Round "10.106"]
[White "Muhr,Andreas"]
[Black "Ragnarsson,Heimir Pall"]
[Result "0-1"]
[WhiteElo "1801"]
[BlackElo "1608"]

1.e4 c5 2.d4 cxd4 3.c3 dxc3 4.Nxc3 Nc6 5.Nf3 e6 6.Bc4 Bc5 7.O-O Nge7 8.Bg5 h6
9.Bh4 a6 10.Rc1 b5 11.Bd5 Qb6 12.Ne5 exd5 13.Nxc6 dxc6 14.Bxe7 Bxe7 15.exd5
O-O 16.dxc6 Qxc6 17.Nd5 Qd6 18.Rc7 Bf6 19.Qf3 Bd8 20.Rc6 Qe5 {#R} 0-1

[Event "Reykjavik Open 2017"]
[Site "Reykjavik ISL"]
[Date "2017.04.27"]
[Round "10.107"]
[White "Meier,Ger"]
[Black "Apol,Luitjen Akselsson"]
[Result "0-1"]
[WhiteElo "1779"]
[BlackElo "1561"]

1.Nf3 c5 2.c4 d6 3.g3 Nf6 4.Bg2 g6 5.O-O Bg7 6.Nc3 O-O 7.d3 Nc6 8.Bd2 Bd7 9.a3
Qb6 10.Rb1 a6 11.h3 e6 12.e4 Ne8 13.Qc1 f5 14.exf5 Rxf5 15.Nh4 Rf7 16.Bh6 Nd4
17.Bxg7 Kxg7 18.Qe3 Bc6 19.Bxc6 Qxc6 20.Qe4 g5 21.Qg4 Kh6 22.Ne4 Rg7 23.Ng2 d5
24.cxd5 exd5 25.Nd2 Nf6 26.Qd1 Re8 27.Ne3 Qd7 28.Ng4+ Nxg4 29.Qxg4 Qxg4
30.hxg4 Re2 31.Kg2 Rxd2 {#R} 0-1

[Event "Reykjavik Open 2017"]
[Site "Reykjavik ISL"]
[Date "2017.04.27"]
[Round "10.108"]
[White "Ontiveros,John"]
[Black "Jonasson,Hordur"]
[Result "0-1"]
[WhiteElo "1741"]
[BlackElo "1513"]

1.d4 Nf6 2.c4 g6 3.Nc3 Bg7 4.e4 d6 5.Bd3 O-O 6.Nge2 e5 7.d5 a5 8.O-O Na6 9.f4
exf4 10.Bxf4 Nc5 11.Bc2 Re8 12.Ng3 h5 13.Bg5 Re5 14.Qd2 Ncd7 15.Rf2 Qe8
16.Raf1 Nh7 17.Bh6 Ndf6 18.Bxg7 Kxg7 19.Nb5 Qd8 20.Nd4 Bd7 21.Nf3 Re8 22.Ng5
Rf8 23.Qd4 Nxg5 24.Rxf6 Kg8 25.e5 Nh7 26.Nxh5 Nxf6 27.exf6 Kh7 28.Qh4 Rh8
29.Qg5 Qf8 30.Nf4 Qh6 31.Qg3 Bf5 32.Bxf5 gxf5 33.Nh3 Qg6 34.Qd3 Kg8 35.Rf3 Kf8
36.Re3 Qxf6 37.Rf3 Rh5 38.g4 Rh4 39.Nf2 Qe5 {#R} 0-1

[Event "Reykjavik Open 2017"]
[Site "Reykjavik ISL"]
[Date "2017.04.27"]
[Round "10.110"]
[White "Kristofersson,Sindri Snaer"]
[Black "Sidali,Elias Hulleberg"]
[Result "0-1"]
[WhiteElo "1197"]
[BlackElo "1724"]

1.d4 Nf6 2.c4 g6 3.Nc3 Bg7 4.e4 d6 5.Nf3 O-O 6.Bd3 Nbd7 7.O-O e5 8.Be3 a5 9.d5
b6 10.Qe2 Nc5 11.Bxc5 bxc5 12.h3 Nh5 13.Qd2 Nf4 14.Ne2 Nxd3 15.Qxd3 f5 16.exf5
Bxf5 17.Qd2 Bxh3 18.gxh3 Rxf3 19.Ng3 Qh4 20.Kg2 Rf7 21.Rae1 Qxc4 22.b3 Qd4
23.Qxd4 cxd4 24.Rd1 a4 25.Rd3 axb3 26.axb3 Ra5 27.Ne4 h6 28.Rc1 Rxd5 29.Nd2
Rc5 30.Re1 Rc2 31.Rf1 Bf6 32.Ne4 Bh4 33.Ng3 c5 34.Rf3 Rxf3 35.Kxf3 Rc3+ {#R}
0-1